Application of a 3D-printed, high efficiency sample introduction system for single cell ICP-MS analysis
In this study, the application of an alternative, 3D-printed sample introduction system (SIS) is presented for single cell ICP-MS analysis. The SIS utilized in the experiments was designed by our group with the purpose to enhance single particle detection capabilities. It is able to provide higher t...
Elmentve itt :
| Szerzők: | |
|---|---|
| Testületi szerző: | |
| Dokumentumtípus: | Könyv része |
| Megjelent: |
University of Szeged
Szeged
2023
|
| Sorozat: | Proceedings of the International Symposium on Analytical and Environmental Problems
29 |
| Kulcsszavak: | Analitikai kémia - számítógép alkalmazása |
| Tárgyszavak: | |
| Online Access: | http://acta.bibl.u-szeged.hu/82412 |
| LEADER | 02257naa a2200349 i 4500 | ||
|---|---|---|---|
| 001 | acta82412 | ||
| 005 | 20231122154850.0 | ||
| 008 | 231122s2023 hu o 1|| eng d | ||
| 020 | |a 978-963-306-963-9 | ||
| 040 | |a SZTE Egyetemi Kiadványok Repozitórium |b hun | ||
| 041 | |a eng | ||
| 100 | 1 | |a Kajner Gyula | |
| 245 | 1 | 0 | |a Application of a 3D-printed, high efficiency sample introduction system for single cell ICP-MS analysis |h [elektronikus dokumentum] / |c Kajner Gyula |
| 260 | |a University of Szeged |b Szeged |c 2023 | ||
| 300 | |a 172-175 | ||
| 490 | 0 | |a Proceedings of the International Symposium on Analytical and Environmental Problems |v 29 | |
| 520 | 3 | |a In this study, the application of an alternative, 3D-printed sample introduction system (SIS) is presented for single cell ICP-MS analysis. The SIS utilized in the experiments was designed by our group with the purpose to enhance single particle detection capabilities. It is able to provide higher transport efficiencies, increased sensitivity, lower background signals and a wider range of detectable particle size in single particle ICP-MS (spICP-MS) analysis compared to the standard SIS. Capitalizing on these features, two single cell ICP-MS (scICP-MS) experiments were done, using single cellular algae (Chlorella) and human endothelial cell suspensions, thereby demonstrating the SIS’s ability to facilitate cell biology related studies such as determining the elemental composition/metal uptake of a single cell or monitoring its cell-tocell variation in cell cultures. | |
| 650 | 4 | |a Természettudományok | |
| 650 | 4 | |a Számítás- és információtudomány | |
| 650 | 4 | |a Kémiai tudományok | |
| 695 | |a Analitikai kémia - számítógép alkalmazása | ||
| 700 | 0 | 1 | |a Bélteki Ádám |e aut |
| 700 | 0 | 1 | |a Cseh Martin |e aut |
| 700 | 0 | 1 | |a Geretovszky Zsolt |e aut |
| 700 | 0 | 1 | |a Ajtai Tibor |e aut |
| 700 | 0 | 1 | |a Barna Lilla |e aut |
| 700 | 0 | 1 | |a Deli Mária A. |e aut |
| 700 | 0 | 1 | |a Pap Bernadett |e aut |
| 700 | 0 | 1 | |a Maróti Gergely |e aut |
| 700 | 0 | 1 | |a Galbács Gábor |e aut |
| 711 | |a 29th International Symposium on Analytical and Environmental Problems |c Szeged |d 2023. november 13-14. | ||
| 856 | 4 | 0 | |u http://acta.bibl.u-szeged.hu/82412/1/proceedings_of_isaep_2023_172-175.pdf |z Dokumentum-elérés |